Cinco industrias en el umbral del libre comercio.

Rokovania o procese liberalizácie obchodu medzi Mexikom, Kanadou a USA započatom v júni 1991. Najdôležitejšie oblasti rokovaní - prístup na trhy, služby, investície, intelektuálne vlastníctvo, obchodné pravidlá, riešenie nezhôd. Nutnosť upevnenia pozície Mexika pri rokovaní. Výsledky liberalizácie o...

Description complète

Enregistré dans:
Détails bibliographiques
Format: Chapitre de livre
Langue:espagnol
Sujets:
Tags: Ajouter un tag
Pas de tags, Soyez le premier à ajouter un tag!

MARC

LEADER 00000naa a2200000 4500
001 r010470
005 20221208122315.3
041 0 |a spa 
044 |a MX 
245 1 0 |a Cinco industrias en el umbral del libre comercio. 
520 |a Rokovania o procese liberalizácie obchodu medzi Mexikom, Kanadou a USA započatom v júni 1991. Najdôležitejšie oblasti rokovaní - prístup na trhy, služby, investície, intelektuálne vlastníctvo, obchodné pravidlá, riešenie nezhôd. Nutnosť upevnenia pozície Mexika pri rokovaní. Výsledky liberalizácie obchodu v piatich priemyselných odvetviach - automobilový, výroba cementu, textilný, výroba piva, hliníkárenský. 
610 2 0 |a obchod voľný 
610 2 0 |a odvetvia priemyselné 
610 2 0 |a Mexiko 
610 2 0 |a Kanada 
610 2 0 |a USA 
610 2 0 |a liberalizácia 
610 2 0 |a obchod zahraničný 
610 2 0 |a trh 
610 2 0 |a služby 
610 2 0 |a investície 
610 2 0 |a oblasti obchodu voľného